[Event "MITROPA Cup 2014 WOMEN Section"]
[Site "Ruzomberok SLOVAKIA"]
[Date "2014.05.26"]
[Round "4"]
[Board "1"]
[White "Srebrnic, Ana"]
[Black "Kochetkova, Julia"]
[Result "1/2-1/2"]
[WhiteElo "2243"]
[BlackElo "2322"]
[PlyCount "0"]
[EventDate "2014.05.23"]
[EventType "team"]
[EventRounds "9"]
[EventCountry "SVK"]
[WhiteTeam "Slovenia"]
[BlackTeam "Slovakia A"]

1. Nf3 {[%clk 1:30:31]} d5 {[%clk 1:30:52]} 2. d4 {[%clk 1:30:57]} Nf6
{[%clk 1:31:14]} 3. c4 {[%clk 1:31:21]} e6 {[%clk 1:31:39]} 4. e3
{[%clk 1:31:21]} c5 {[%clk 1:29:34]} 5. cxd5 {[%clk 1:31:19]} exd5
{[%clk 1:28:15]} 6. Bb5+ {[%clk 1:31:15]} Bd7 {[%clk 1:23:15]} 7. Bxd7+
{[%clk 1:31:23]} Nbxd7 {[%clk 1:23:36]} 8. dxc5 {[%clk 1:31:40]} Nxc5
{[%clk 1:21:38]} 9. O-O {[%clk 1:31:59]} Bd6 {[%clk 1:21:35]} 10. Bd2
{[%clk 1:25:06]} O-O {[%clk 1:18:23]} 11. Bc3 {[%clk 1:23:17]} Nce4
{[%clk 1:15:26]} 12. Bd4 {[%clk 1:22:32]} Qe7 {[%clk 1:15:15]} 13. Nbd2
{[%clk 1:17:34]} Rfd8 {[%clk 1:13:07]} 14. Nb3 {[%clk 1:16:53]} h6
{[%clk 1:08:50]} 15. Bxf6 {[%clk 1:06:03]} Nxf6 {[%clk 1:07:07]} 16. Nbd4
{[%clk 1:02:13]} g6 {[%clk 1:06:51]} 17. Rc1 {[%clk 0:54:05]} a6 {[%clk 1:05:58]}
18. Qd3 {[%clk 0:49:00]} Rac8 {[%clk 1:04:19]} 19. Rc2 {[%clk 0:43:04]} Qd7
{[%clk 1:03:04]} 20. Rfc1 {[%clk 0:42:33]} Qe8 {[%clk 0:58:02]} 21. Qb3
{[%clk 0:33:02]} Qd7 {[%clk 0:57:45]} 22. Qd3 {[%clk 0:32:54]} Qe8
{[%clk 0:58:08]} 23. Qb3 {[%clk 0:32:26]} Qd7 {[%clk 0:58:33]} 24. Qd3
{[%clk 0:32:53]} 1/2-1/2

[Event "MITROPA Cup 2014 WOMEN Section"]
[Site "Ruzomberok SLOVAKIA"]
[Date "2014.05.26"]
[Round "4"]
[Board "2"]
[White "Gazikova, Veronika"]
[Black "Kolaric, Spela"]
[Result "1/2-1/2"]
[WhiteElo "2144"]
[BlackElo "2048"]
[PlyCount "0"]
[EventDate "2014.05.23"]
[EventType "team"]
[EventRounds "9"]
[EventCountry "SVK"]
[WhiteTeam "Slovakia A"]
[BlackTeam "Slovenia"]

1. e4 {[%clk 1:30:58]} c5 {[%clk 1:30:28]} 2. Nf3 {[%clk 1:31:18]} e6
{[%clk 1:30:52]} 3. d4 {[%clk 1:31:43]} cxd4 {[%clk 1:31:13]} 4. Nxd4
{[%clk 1:32:07]} a6 {[%clk 1:31:34]} 5. Nc3 {[%clk 1:32:31]} b5 {[%clk 1:31:42]}
6. Bd3 {[%clk 1:32:54]} Qb6 {[%clk 1:31:03]} 7. Be3 {[%clk 1:33:12]} Bc5
{[%clk 1:31:12]} 8. Be2 {[%clk 1:33:35]} Nf6 {[%clk 1:29:29]} 9. e5
{[%clk 1:31:22]} Nd5 {[%clk 1:26:12]} 10. Nxd5 {[%clk 1:29:52]} exd5
{[%clk 1:26:24]} 11. Nf5 {[%clk 1:20:15]} O-O {[%clk 1:19:30]} 12. Ne7+
{[%clk 1:11:07]} Kh8 {[%clk 1:19:30]} 13. Nxd5 {[%clk 1:10:03]} Qa7
{[%clk 1:18:09]} 14. O-O {[%clk 1:06:40]} Nc6 {[%clk 1:15:25]} 15. Bd3
{[%clk 1:03:29]} Nxe5 {[%clk 1:09:39]} 16. Bxh7 {[%clk 0:42:49]} g6
{[%clk 1:05:59]} 17. Bh6 {[%clk 0:37:53]} Kxh7 {[%clk 1:03:43]} 18. Bxf8
{[%clk 0:35:37]} Bxf8 {[%clk 1:04:03]} 19. Nf6+ {[%clk 0:35:27]} Kg7
{[%clk 0:56:53]} 20. Ne8+ {[%clk 0:35:40]} Kh8 {[%clk 0:50:17]} 21. Qd5
{[%clk 0:32:26]} Qb8 {[%clk 0:48:16]} 22. Rfe1 {[%clk 0:31:30]} d6
{[%clk 0:44:52]} 23. Qd4 {[%clk 0:28:56]} Bg4 {[%clk 0:39:56]} 24. Nf6
{[%clk 0:22:14]} Bg7 {[%clk 0:38:31]} 25. Qf4 {[%clk 0:19:58]} Bxf6
{[%clk 0:36:20]} 26. Qxf6+ {[%clk 0:20:21]} Kg8 {[%clk 0:36:35]} 27. h3
{[%clk 0:19:23]} Be6 {[%clk 0:33:21]} 28. Rad1 {[%clk 0:18:35]} Qc7
{[%clk 0:31:37]} 29. Rd4 {[%clk 0:16:29]} Nd7 {[%clk 0:28:20]} 30. Qe7
{[%clk 0:16:32]} Qa7 {[%clk 0:26:32]} 31. Rxd6 {[%clk 0:15:53]} Nf8
{[%clk 0:26:08]} 32. Qg5 {[%clk 0:12:41]} Rc8 {[%clk 0:23:41]} 33. c3
{[%clk 0:12:51]} Bxa2 {[%clk 0:21:32]} 34. Ra1 {[%clk 0:06:53]} Bc4
{[%clk 0:20:25]} 35. Raxa6 {[%clk 0:06:46]} Qc5 {[%clk 0:20:07]} 36. Qf6
{[%clk 0:06:19]} Re8 {[%clk 0:20:05]} 37. Rd8 {[%clk 0:04:55]} Rxd8
{[%clk 0:16:22]} 38. Qxd8 {[%clk 0:05:18]} Qd5 {[%clk 0:14:17]} 39. Qf6
{[%clk 0:05:01]} Nd7 {[%clk 0:11:46]} 40. Qe7 {[%clk 0:04:31]} Qd2
{[%clk 0:07:22]} 41. Ra8+ {[%clk 0:30:24]} Kg7 {[%clk 0:38:02]} 42. Qh4
{[%clk 0:30:40]} Qd1+ {[%clk 0:36:53]} 43. Kh2 {[%clk 0:30:59]} Qd6+
{[%clk 0:35:24]} 44. Qg3 {[%clk 0:30:38]} Qxg3+ {[%clk 0:34:35]} 45. Kxg3
{[%clk 0:28:59]} Nc5 {[%clk 0:33:12]} 46. Rb8 {[%clk 0:28:26]} Nd7
{[%clk 0:29:12]} 47. Rd8 {[%clk 0:28:16]} Nc5 {[%clk 0:29:27]} 48. Rb8
{[%clk 0:28:14]} Nd7 {[%clk 0:29:45]} 49. Rd8 {[%clk 0:28:21]} Nc5
{[%clk 0:30:04]} 1/2-1/2

[Event "MITROPA Cup 2014 WOMEN Section"]
[Site "Ruzomberok SLOVAKIA"]
[Date "2014.05.26"]
[Round "4"]
[Board "1"]
[White "Dudas, Eszter"]
[Black "Exler, Veronika"]
[Result "0-1"]
[WhiteElo "2227"]
[BlackElo "2156"]
[PlyCount "0"]
[EventDate "2014.05.23"]
[EventType "team"]
[EventRounds "9"]
[EventCountry "SVK"]
[WhiteTeam "Hungary"]
[BlackTeam "Austria"]

1. e4 {[%clk 1:30:56]} e5 {[%clk 1:30:57]} 2. Nf3 {[%clk 1:31:18]} Nc6
{[%clk 1:31:23]} 3. Bb5 {[%clk 1:31:35]} Nf6 {[%clk 1:31:47]} 4. d3
{[%clk 1:31:52]} Bc5 {[%clk 1:31:47]} 5. Bxc6 {[%clk 1:32:03]} dxc6
{[%clk 1:31:07]} 6. h3 {[%clk 1:32:09]} Qd6 {[%clk 1:24:43]} 7. Qe2
{[%clk 1:29:31]} Be6 {[%clk 1:24:15]} 8. Be3 {[%clk 1:28:42]} Nd7
{[%clk 1:18:13]} 9. Bxc5 {[%clk 1:27:54]} Qxc5 {[%clk 1:12:37]} 10. Nc3
{[%clk 1:15:00]} O-O-O {[%clk 1:12:28]} 11. O-O-O {[%clk 1:11:07]} Nb6
{[%clk 1:01:16]} 12. Ng5 {[%clk 1:04:50]} Qe7 {[%clk 0:53:56]} 13. Nxe6
{[%clk 1:03:50]} Qxe6 {[%clk 0:54:25]} 14. Qe3 {[%clk 1:02:33]} Rd6
{[%clk 0:42:47]} 15. Kb1 {[%clk 0:58:46]} Rhd8 {[%clk 0:42:10]} 16. Rhf1
{[%clk 0:53:50]} f6 {[%clk 0:34:52]} 17. f4 {[%clk 0:50:14]} exf4
{[%clk 0:34:51]} 18. Qxf4 {[%clk 0:49:48]} Nd7 {[%clk 0:25:02]} 19. Qg3
{[%clk 0:37:09]} Qe7 {[%clk 0:19:53]} 20. Ne2 {[%clk 0:27:53]} c5
{[%clk 0:17:53]} 21. Nf4 {[%clk 0:26:04]} Nb6 {[%clk 0:17:11]} 22. Rde1
{[%clk 0:23:59]} Qe5 {[%clk 0:13:09]} 23. Qg4+ {[%clk 0:22:29]} Kb8
{[%clk 0:12:42]} 24. Qf5 {[%clk 0:19:49]} c4 {[%clk 0:10:34]} 25. Rd1
{[%clk 0:08:35]} g6 {[%clk 0:06:16]} 26. Qxe5 {[%clk 0:03:43]} fxe5
{[%clk 0:06:43]} 27. Ne2 {[%clk 0:03:51]} cxd3 {[%clk 0:07:09]} 28. Rxd3
{[%clk 0:03:36]} Rxd3 {[%clk 0:07:33]} 29. cxd3 {[%clk 0:04:03]} Rxd3
{[%clk 0:07:37]} 30. Rf8+ {[%clk 0:04:24]} Nc8 {[%clk 0:08:03]} 31. Re8
{[%clk 0:03:49]} Rd2 {[%clk 0:06:22]} 32. Nc3 {[%clk 0:04:13]} c6
{[%clk 0:06:47]} 33. g4 {[%clk 0:03:30]} Rh2 {[%clk 0:06:47]} 34. Rxe5
{[%clk 0:03:43]} Rxh3 {[%clk 0:07:12]} 35. Re8 {[%clk 0:02:57]} Kc7
{[%clk 0:06:06]} 36. e5 {[%clk 0:02:48]} Kd7 {[%clk 0:06:00]} 37. Rh8
{[%clk 0:01:53]} Re3 {[%clk 0:05:09]} 38. Rxh7+ {[%clk 0:02:08]} Ne7
{[%clk 0:05:35]} 39. Kc2 {[%clk 0:02:17]} Ke6 {[%clk 0:01:47]} 40. Kd2
{[%clk 0:02:04]} Rxe5 {[%clk 0:02:10]} 41. Kd3 {[%clk 0:01:59]} b6
{[%clk 0:22:46]} 42. Ne4 {[%clk 0:30:44]} a5 {[%clk 0:22:31]} 43. Nc3
{[%clk 0:30:31]} Nd5 {[%clk 0:20:18]} 44. Nxd5 {[%clk 0:29:06]} Rxd5+
{[%clk 0:20:39]} 45. Ke3 {[%clk 0:29:21]} Kf6 {[%clk 0:20:30]} 46. Rb7
{[%clk 0:24:18]} b5 {[%clk 0:17:14]} 47. Rb6 {[%clk 0:17:44]} Rc5
{[%clk 0:15:52]} 48. b3 {[%clk 0:17:31]} Kg5 {[%clk 0:13:19]} 49. Ra6
{[%clk 0:15:37]} Kxg4 {[%clk 0:12:42]} 50. Rxa5 {[%clk 0:15:58]} g5
{[%clk 0:09:08]} 51. Ra8 {[%clk 0:15:00]} b4 {[%clk 0:05:40]} 52. Kd4
{[%clk 0:13:06]} Rc2 {[%clk 0:05:53]} 53. a4 {[%clk 0:10:44]} bxa3
{[%clk 0:04:06]} 54. Rxa3 {[%clk 0:11:09]} Kf3 {[%clk 0:01:45]} 55. b4+
{[%clk 0:11:28]} Kf2 {[%clk 0:02:09]} 56. Kd3 {[%clk 0:09:53]} Rc1
{[%clk 0:02:39]} 57. Ke4 {[%clk 0:08:10]} Rc4+ {[%clk 0:02:33]} 58. Kf5
{[%clk 0:08:35]} g4 {[%clk 0:02:49]} 59. Ra2+ {[%clk 0:08:55]} Kf3
{[%clk 0:02:56]} 60. Ra3+ {[%clk 0:09:20]} Kg2 {[%clk 0:03:20]} 61. Ra2+
{[%clk 0:09:43]} Kh3 {[%clk 0:03:33]} 62. Ra3+ {[%clk 0:09:57]} g3
{[%clk 0:03:57]} 0-1

[Event "MITROPA Cup 2014 WOMEN Section"]
[Site "Ruzomberok SLOVAKIA"]
[Date "2014.05.26"]
[Round "4"]
[Board "2"]
[White "Hapala, Lisa"]
[Black "Varga, Melinda"]
[Result "0-1"]
[WhiteElo "2062"]
[BlackElo "2163"]
[PlyCount "0"]
[EventDate "2014.05.23"]
[EventType "team"]
[EventRounds "9"]
[EventCountry "SVK"]
[WhiteTeam "Austria"]
[BlackTeam "Hungary"]

1. e4 {[%clk 1:30:59]} c6 {[%clk 1:30:56]} 2. d4 {[%clk 1:31:24]} d5
{[%clk 1:31:21]} 3. Nc3 {[%clk 1:31:50]} dxe4 {[%clk 1:31:46]} 4. Nxe4
{[%clk 1:32:15]} Bf5 {[%clk 1:32:10]} 5. Ng3 {[%clk 1:32:41]} Bg6
{[%clk 1:32:37]} 6. Nf3 {[%clk 1:33:06]} e6 {[%clk 1:33:03]} 7. h4
{[%clk 1:33:31]} h6 {[%clk 1:33:29]} 8. Ne5 {[%clk 1:33:06]} Bh7 {[%clk 1:33:54]}
9. Bd3 {[%clk 1:33:32]} Bxd3 {[%clk 1:34:19]} 10. Qxd3 {[%clk 1:33:59]} Nf6
{[%clk 1:33:45]} 11. Bd2 {[%clk 1:33:51]} Be7 {[%clk 1:33:19]} 12. O-O-O
{[%clk 1:33:31]} Nbd7 {[%clk 1:31:14]} 13. f4 {[%clk 1:33:14]} c5
{[%clk 1:29:36]} 14. dxc5 {[%clk 0:45:25]} Nxe5 {[%clk 1:28:10]} 15. Qxd8+
{[%clk 0:45:11]} Rxd8 {[%clk 1:28:19]} 16. fxe5 {[%clk 0:45:39]} Nd7
{[%clk 1:14:55]} 17. Bc3 {[%clk 0:37:15]} Nxc5 {[%clk 1:05:35]} 18. Bd4
{[%clk 0:34:57]} O-O {[%clk 0:59:39]} 19. c4 {[%clk 0:25:26]} Rc8
{[%clk 0:57:05]} 20. Kb1 {[%clk 0:21:24]} Rc7 {[%clk 0:52:36]} 21. b3
{[%clk 0:18:27]} Rfc8 {[%clk 0:43:28]} 22. Ne2 {[%clk 0:16:03]} Ne4
{[%clk 0:24:38]} 23. Nc3 {[%clk 0:09:15]} Nxc3+ {[%clk 0:23:21]} 24. Bxc3
{[%clk 0:09:42]} b5 {[%clk 0:23:13]} 25. Ba5 {[%clk 0:09:32]} Rb7
{[%clk 0:22:02]} 26. cxb5 {[%clk 0:08:44]} Rxb5 {[%clk 0:22:06]} 27. Rd7
{[%clk 0:08:09]} Rxe5 {[%clk 0:12:50]} 28. Rxa7 {[%clk 0:07:36]} Bf6
{[%clk 0:12:24]} 29. Re1 {[%clk 0:05:29]} Rf5 {[%clk 0:11:55]} 30. g3
{[%clk 0:01:34]} Rf2 {[%clk 0:11:33]} 31. Bc7 {[%clk 0:01:52]} Bd4
{[%clk 0:10:52]} 32. Rb7 {[%clk 0:01:19]} Rb2+ {[%clk 0:11:05]} 33. Kc1
{[%clk 0:01:46]} Rxa2 {[%clk 0:11:17]} 34. Rd1 {[%clk 0:00:43]} e5
{[%clk 0:09:43]} 35. Rb8 {[%clk 0:00:38]} Rxb8 {[%clk 0:08:44]} 36. Bxb8
{[%clk 0:01:05]} Ra6 {[%clk 0:08:56]} 37. Re1 {[%clk 0:00:36]} Ra1+
{[%clk 0:07:48]} 38. Kd2 {[%clk 0:01:03]} Bc3+ {[%clk 0:07:43]} 39. Kxc3
{[%clk 0:01:30]} Rxe1 {[%clk 0:08:10]} 40. Kc4 {[%clk 0:00:34]} Kf8
{[%clk 0:07:19]} 41. b4 {[%clk 0:28:03]} Ke7 {[%clk 0:37:30]} 42. Kd5
{[%clk 0:27:54]} e4 {[%clk 0:36:20]} 43. Bd6+ {[%clk 0:25:16]} Kd7
{[%clk 0:36:32]} 44. Bf8 {[%clk 0:24:56]} f5 {[%clk 0:31:25]} 45. Kd4
{[%clk 0:21:46]} h5 {[%clk 0:23:52]} 46. Bxg7 {[%clk 0:20:29]} Rb1
{[%clk 0:23:47]} 47. Bh6 {[%clk 0:13:07]} Rxb4+ {[%clk 0:23:37]} 48. Ke5
{[%clk 0:08:55]} Rb5+ {[%clk 0:22:01]} 49. Kf4 {[%clk 0:07:19]} Ke6
{[%clk 0:22:20]} 50. Ke3 {[%clk 0:07:22]} Rb3+ {[%clk 0:22:34]} 51. Kf2
{[%clk 0:07:46]} Rb2+ {[%clk 0:22:02]} 52. Ke3 {[%clk 0:08:05]} Kd5
{[%clk 0:21:50]} 53. Bg5 {[%clk 0:08:13]} Rb3+ {[%clk 0:21:58]} 54. Kf2
{[%clk 0:08:39]} Kd4 {[%clk 0:22:10]} 55. Bf6+ {[%clk 0:08:47]} Kd3
{[%clk 0:22:32]} 0-1

[Event "MITROPA Cup 2014 WOMEN Section"]
[Site "Ruzomberok SLOVAKIA"]
[Date "2014.05.27"]
[Round "5"]
[Board "1"]
[White "Exler, Veronika"]
[Black "Wozniak, Mariola"]
[Result "1-0"]
[WhiteElo "2156"]
[BlackElo "2092"]
[PlyCount "0"]
[EventDate "2014.05.23"]
[EventType "team"]
[EventRounds "9"]
[EventCountry "SVK"]
[WhiteTeam "Austria"]
[BlackTeam "Poland"]

1. d4 Nf6 2. c4 g6 3. Nf3 Bg7 4. g3 {[%clk 1:30:04]} O-O {[%clk 1:30:49]} 5. Bg2
{[%clk 1:30:24]} d6 {[%clk 1:30:39]} 6. O-O {[%clk 1:30:47]} Nbd7
{[%clk 1:30:07]} 7. Nc3 {[%clk 1:31:04]} e5 {[%clk 1:28:37]} 8. e4
{[%clk 1:30:07]} exd4 {[%clk 1:27:29]} 9. Nxd4 {[%clk 1:30:30]} Nc5
{[%clk 1:26:36]} 10. h3 {[%clk 1:29:54]} Re8 {[%clk 1:26:37]} 11. Re1
{[%clk 1:30:00]} Bd7 {[%clk 1:25:01]} 12. Kh2 {[%clk 1:27:22]} a5
{[%clk 1:19:46]} 13. f4 {[%clk 1:26:13]} h6 {[%clk 1:08:29]} 14. Nb3
{[%clk 1:14:40]} Nxb3 {[%clk 0:47:32]} 15. Qxb3 {[%clk 1:15:02]} Bc6
{[%clk 0:41:57]} 16. Bd2 {[%clk 1:09:28]} Nd7 {[%clk 0:36:42]} 17. Rad1
{[%clk 1:04:44]} Nc5 {[%clk 0:30:51]} 18. Qc2 {[%clk 1:05:11]} h5
{[%clk 0:27:32]} 19. Nd5 {[%clk 0:53:07]} Bd7 {[%clk 0:20:35]} 20. Bc3
{[%clk 0:40:15]} c6 {[%clk 0:15:14]} 21. Bxg7 {[%clk 0:40:37]} Kxg7
{[%clk 0:15:39]} 22. Nc3 {[%clk 0:30:36]} Qc7 {[%clk 0:14:45]} 23. Qd2
{[%clk 0:28:54]} Be6 {[%clk 0:14:55]} 24. f5 {[%clk 0:28:32]} Bd7
{[%clk 0:09:51]} 25. fxg6 {[%clk 0:24:52]} fxg6 {[%clk 0:10:14]} 26. Qd4+
{[%clk 0:25:17]} Re5 {[%clk 0:10:19]} 27. Qxd6 {[%clk 0:21:48]} Qxd6
{[%clk 0:10:46]} 28. Rxd6 {[%clk 0:22:12]} Be6 {[%clk 0:09:37]} 29. b3
{[%clk 0:20:45]} a4 {[%clk 0:09:43]} 30. b4 {[%clk 0:20:49]} Na6 {[%clk 0:09:47]}
31. a3 {[%clk 0:15:35]} Rf8 {[%clk 0:05:41]} 32. c5 {[%clk 0:14:36]} Rf2
{[%clk 0:05:31]} 33. Re2 {[%clk 0:12:46]} Rxe2 {[%clk 0:05:22]} 34. Nxe2
{[%clk 0:13:12]} Nc7 {[%clk 0:04:07]} 35. Nf4 {[%clk 0:11:31]} Kf6
{[%clk 0:04:07]} 36. Nd3 {[%clk 0:11:44]} Nb5 {[%clk 0:03:46]} 37. Rd8
{[%clk 0:11:40]} Nxa3 {[%clk 0:03:42]} 38. Rf8+ {[%clk 0:09:19]} Ke7
{[%clk 0:04:06]} 39. Ra8 {[%clk 0:09:45]} Rg5 {[%clk 0:04:15]} 40. h4
{[%clk 0:09:35]} Rg4 {[%clk 0:04:27]} 41. Rxa4 {[%clk 0:08:54]} 1-0

[Event "MITROPA Cup 2014 WOMEN Section"]
[Site "Ruzomberok SLOVAKIA"]
[Date "2014.05.27"]
[Round "5"]
[Board "2"]
[White "Kiolbasa, Oliwia"]
[Black "Novkovic, Julia"]
[Result "0-1"]
[WhiteElo "2015"]
[BlackElo "2126"]
[PlyCount "0"]
[EventDate "2014.05.23"]
[EventType "team"]
[EventRounds "9"]
[EventCountry "SVK"]
[WhiteTeam "Poland"]
[BlackTeam "Austria"]

1. e4 {[%clk 1:30:56]} e5 {[%clk 1:30:51]} 2. Nf3 {[%clk 1:31:18]} Nc6
{[%clk 1:31:15]} 3. Bb5 {[%clk 1:31:31]} a6 {[%clk 1:31:36]} 4. Bxc6
{[%clk 1:31:51]} dxc6 {[%clk 1:31:47]} 5. Nc3 {[%clk 1:32:04]} f6
{[%clk 1:31:48]} 6. d4 {[%clk 1:32:16]} exd4 {[%clk 1:32:13]} 7. Nxd4
{[%clk 1:32:38]} c5 {[%clk 1:31:06]} 8. Nde2 {[%clk 1:32:57]} Qxd1+
{[%clk 1:31:25]} 9. Nxd1 {[%clk 1:33:17]} Be6 {[%clk 1:27:53]} 10. Bf4
{[%clk 1:33:00]} O-O-O {[%clk 1:28:14]} 11. Ne3 {[%clk 1:31:11]} Ne7
{[%clk 1:22:12]} 12. f3 {[%clk 1:23:51]} g5 {[%clk 1:19:51]} 13. Bg3
{[%clk 1:23:47]} Bg7 {[%clk 1:20:16]} 14. h4 {[%clk 1:03:04]} f5 {[%clk 0:55:37]}
15. hxg5 {[%clk 0:58:15]} fxe4 {[%clk 0:54:47]} 16. c3 {[%clk 0:56:41]} exf3
{[%clk 0:51:46]} 17. gxf3 {[%clk 0:56:34]} Rd3 {[%clk 0:35:30]} 18. Bf2
{[%clk 0:53:09]} Nd5 {[%clk 0:29:21]} 19. Nxd5 {[%clk 0:44:32]} Rxd5
{[%clk 0:22:11]} 20. Be3 {[%clk 0:35:03]} Bf5 {[%clk 0:15:46]} 21. Ng3
{[%clk 0:27:59]} Bg6 {[%clk 0:15:56]} 22. Kf2 {[%clk 0:20:41]} b6
{[%clk 0:13:58]} 23. Rad1 {[%clk 0:18:37]} Rxd1 {[%clk 0:12:15]} 24. Rxd1
{[%clk 0:19:01]} Rf8 {[%clk 0:12:27]} 25. Kg2 {[%clk 0:17:38]} Be5
{[%clk 0:09:53]} 26. Ne2 {[%clk 0:13:42]} Bd6 {[%clk 0:10:00]} 27. Bf2
{[%clk 0:11:30]} Rf5 {[%clk 0:08:48]} 28. Bh4 {[%clk 0:10:14]} Kb7
{[%clk 0:08:10]} 29. Rd2 {[%clk 0:06:15]} Kc6 {[%clk 0:08:16]} 30. Rd1
{[%clk 0:06:01]} Bf7 {[%clk 0:08:34]} 31. b3 {[%clk 0:04:04]} Be5
{[%clk 0:08:08]} 32. Rf1 {[%clk 0:02:58]} Bd6 {[%clk 0:07:01]} 33. Rd1
{[%clk 0:02:22]} a5 {[%clk 0:06:15]} 34. Rd3 {[%clk 0:01:36]} a4 {[%clk 0:05:53]}
35. c4 {[%clk 0:01:59]} Bg6 {[%clk 0:05:00]} 36. Re3 {[%clk 0:01:33]} axb3
{[%clk 0:04:16]} 37. axb3 {[%clk 0:01:55]} Kb7 {[%clk 0:04:13]} 38. Re6
{[%clk 0:01:21]} Ka6 {[%clk 0:03:48]} 39. Rf6 {[%clk 0:00:45]} Re5
{[%clk 0:02:47]} 40. Kf2 {[%clk 0:00:41]} Be7 {[%clk 0:01:54]} 41. Rf4
{[%clk 0:28:27]} Ka5 {[%clk 0:22:27]} 42. Rg4 {[%clk 0:28:30]} Kb4
{[%clk 0:21:42]} 43. Rg3 {[%clk 0:28:41]} Rf5 {[%clk 0:17:54]} 44. f4
{[%clk 0:25:44]} Bh5 {[%clk 0:14:03]} 45. Re3 {[%clk 0:24:44]} Bd6
{[%clk 0:14:22]} 46. Bg3 {[%clk 0:25:06]} Rf8 {[%clk 0:12:39]} 47. Nc1
{[%clk 0:23:21]} Bg6 {[%clk 0:12:28]} 48. Kf3 {[%clk 0:23:08]} Ka3
{[%clk 0:10:06]} 49. Kg4 {[%clk 0:20:08]} Bf5+ {[%clk 0:09:28]} 50. Kf3
{[%clk 0:20:25]} Kb2 {[%clk 0:09:03]} 51. Nd3+ {[%clk 0:18:58]} Kxb3
{[%clk 0:09:03]} 52. Ne5+ {[%clk 0:18:56]} Kb2 {[%clk 0:08:43]} 53. Be1
{[%clk 0:19:06]} Ra8 {[%clk 0:08:20]} 54. Nf7 {[%clk 0:18:45]} Ra4
{[%clk 0:08:19]} 55. Nh6 {[%clk 0:18:40]} Rxc4 {[%clk 0:08:25]} 0-1

[Event "MITROPA Cup 2014 WOMEN Section"]
[Site "Ruzomberok SLOVAKIA"]
[Date "2014.05.27"]
[Round "5"]
[Board "1"]
[White "Marikova, Jana"]
[Black "Dudas, Eszter"]
[Result "1-0"]
[WhiteElo "2094"]
[BlackElo "2227"]
[PlyCount "0"]
[EventDate "2014.05.23"]
[EventType "team"]
[EventRounds "9"]
[EventCountry "SVK"]
[WhiteTeam "Czech republic B"]
[BlackTeam "Hungary"]

1. d4 {[%clk 1:30:59]} d5 {[%clk 1:30:50]} 2. c4 {[%clk 1:31:24]} c6
{[%clk 1:31:13]} 3. Nf3 {[%clk 1:31:49]} e6 {[%clk 1:31:28]} 4. Nc3
{[%clk 1:32:11]} dxc4 {[%clk 1:31:48]} 5. a4 {[%clk 1:32:02]} Bb4
{[%clk 1:31:59]} 6. e3 {[%clk 1:30:50]} b5 {[%clk 1:32:01]} 7. Bd2
{[%clk 1:30:21]} a5 {[%clk 1:30:24]} 8. axb5 {[%clk 1:28:39]} Bxc3
{[%clk 1:30:46]} 9. Bxc3 {[%clk 1:28:59]} cxb5 {[%clk 1:31:06]} 10. b3
{[%clk 1:26:34]} Bb7 {[%clk 1:31:14]} 11. bxc4 {[%clk 1:25:44]} b4
{[%clk 1:31:33]} 12. Bb2 {[%clk 1:23:24]} Nf6 {[%clk 1:31:07]} 13. Bd3
{[%clk 1:21:45]} Nbd7 {[%clk 1:31:11]} 14. O-O {[%clk 1:20:22]} O-O
{[%clk 1:31:33]} 15. Re1 {[%clk 1:15:52]} Ne4 {[%clk 1:31:36]} 16. Qc2
{[%clk 1:11:12]} f5 {[%clk 1:29:06]} 17. Red1 {[%clk 1:02:25]} Qe7
{[%clk 1:09:02]} 18. Ne1 {[%clk 0:56:55]} Qg5 {[%clk 1:00:10]} 19. Qe2
{[%clk 0:46:38]} a4 {[%clk 0:53:34]} 20. f3 {[%clk 0:43:22]} a3 {[%clk 0:51:55]}
21. fxe4 {[%clk 0:41:19]} fxe4 {[%clk 0:45:54]} 22. Bb1 {[%clk 0:33:16]} axb2
{[%clk 0:45:30]} 23. Rxa8 {[%clk 0:33:37]} Bxa8 {[%clk 0:36:43]} 24. g3
{[%clk 0:26:58]} Nb6 {[%clk 0:21:24]} 25. Ng2 {[%clk 0:22:00]} Na4
{[%clk 0:21:09]} 26. Qc2 {[%clk 0:19:33]} Nc3 {[%clk 0:19:24]} 27. Re1
{[%clk 0:18:50]} Qf5 {[%clk 0:11:10]} 28. Qxb2 {[%clk 0:16:40]} Bc6
{[%clk 0:11:17]} 29. Qd2 {[%clk 0:12:16]} Ba4 {[%clk 0:09:25]} 30. Bc2
{[%clk 0:08:42]} Bxc2 {[%clk 0:08:54]} 31. Qxc2 {[%clk 0:09:07]} b3
{[%clk 0:09:06]} 32. Qd2 {[%clk 0:09:13]} Na4 {[%clk 0:07:54]} 33. d5
{[%clk 0:08:20]} b2 {[%clk 0:04:24]} 34. d6 {[%clk 0:05:44]} Nc5 {[%clk 0:03:23]}
35. Nf4 {[%clk 0:04:43]} g5 {[%clk 0:03:37]} 36. d7 {[%clk 0:04:03]} Nxd7
{[%clk 0:02:28]} 37. Qxd7 {[%clk 0:04:19]} gxf4 {[%clk 0:02:51]} 38. exf4
{[%clk 0:04:27]} e3 {[%clk 0:02:45]} 39. Qd1 {[%clk 0:02:14]} e2 {[%clk 0:02:43]}
40. Qb3 {[%clk 0:02:28]} Qc5+ {[%clk 0:01:10]} 41. Kg2 {[%clk 0:02:20]} e5
{[%clk 0:26:32]} 42. Rxe2 {[%clk 0:27:08]} exf4 {[%clk 0:23:06]} 43. gxf4
{[%clk 0:25:12]} Qc6+ {[%clk 0:23:04]} 44. Kg1 {[%clk 0:24:04]} Qc5+
{[%clk 0:09:47]} 45. Kh1 {[%clk 0:17:32]} Qd4 {[%clk 0:05:30]} 46. c5+
{[%clk 0:13:42]} Kh8 {[%clk 0:04:54]} 47. Qxb2 {[%clk 0:12:48]} Rxf4
{[%clk 0:04:16]} 48. Qxd4+ {[%clk 0:06:54]} Rxd4 {[%clk 0:04:42]} 49. Rc2
{[%clk 0:06:48]} Rd7 {[%clk 0:05:02]} 50. Kg2 {[%clk 0:06:35]} Kg7
{[%clk 0:05:15]} 51. Kf3 {[%clk 0:06:35]} Kf6 {[%clk 0:05:07]} 52. Ke4
{[%clk 0:06:02]} Ke6 {[%clk 0:05:31]} 53. Ra2 {[%clk 0:05:36]} Ke7
{[%clk 0:02:11]} 54. Ke5 {[%clk 0:04:41]} Rd1 {[%clk 0:01:20]} 55. Ra7+
{[%clk 0:04:56]} Kd8 {[%clk 0:01:24]} 56. Rxh7 {[%clk 0:04:58]} Re1+
{[%clk 0:01:35]} 57. Kd6 {[%clk 0:05:15]} Rd1+ {[%clk 0:02:02]} 58. Kc6
{[%clk 0:05:27]} Rd3 {[%clk 0:02:18]} 59. h4 {[%clk 0:05:28]} 1-0